| 000 | 00645nam a22001577a 4500 | ||
|---|---|---|---|
| 003 | OSt | ||
| 005 | 20150912103918.0 | ||
| 008 | 150912b xxu||||| |||| 00| 0 eng d | ||
| 040 | _cRUA | ||
| 082 | _aAGR KIN 1997 B018 Or.1 | ||
| 100 |
_9296 _aKING, ROMANY |
||
| 245 | _aAnalysis of floating rice eco-systems in srayov commune kompong thom province (ការវិភាគប្រព័ន្ធក្សេត្របរិស្ថានស្រូវឡើងទឹកក្នុងឃុំស្រយ៉ូវ ខេត្តកំពង់ធំ) | ||
| 260 |
_aPhnom Penh _bRUA _c1997 |
||
| 300 |
_a43p. _bill. _c29cm. |
||
| 942 |
_2ddc _cAGR |
||
| 999 |
_c274 _d274 |
||